000 00400nam a2200169Ia 4500
008 230524s9999 xx 000 0 und d
020 _a9788131732250
082 _a658
_bRAO
100 _aK.Rama Mohana Rao
245 0 _aServices Marketing
250 _a4TH
260 _aNEW DELHI
_bPearson
_c2009
300 _aXIX;353
500 _aQuantity Number: 22
650 _aManagement
942 _cBK
999 _c45511
_d45511